Multiple points of immersed manifolds
Αποθηκεύτηκε σε:
| Κύριος συγγραφέας: | |
|---|---|
| Μορφή: | Βιβλίο |
| Γλώσσα: | English |
| Δημοσίευση: |
Providence, R.I. :
American Mathematical Society,
1981
|
| Σειρά: | Memoirs of the American Mathematical Society ;
; no. 250 |
| Θέματα: | |
| Ετικέτες: |
Προσθήκη ετικέτας
Δεν υπάρχουν, Καταχωρήστε ετικέτα πρώτοι!
|
MARC
| LEADER | 00000cam a2200000 i 4500 | ||
|---|---|---|---|
| 001 | 1/49252 | ||
| 008 | 941103s1981 eng d | ||
| 020 | |a 0821822500 | ||
| 035 | |l 10043558 | ||
| 035 | |a 1993 | ||
| 040 | |a GR-MY-UA |b gre |e aacr | ||
| 041 | 0 | |a eng | |
| 082 | 0 | |a 516.36 | |
| 100 | 1 | |a Herbert, Ralph J. |d 1943- | |
| 245 | 1 | 0 | |a Multiple points of immersed manifolds / |c Ralph J. Herbert |
| 260 | |a Providence, R.I. : |b American Mathematical Society, |c 1981 | ||
| 300 | |a xiv, 60 p.; |c 26 cm | ||
| 490 | 1 | |a Memoirs of the American Mathematical Society |v ; no. 250 | |
| 500 | |a "Volume 34, number 250 (first of 5 numbers)." | ||
| 504 | |a Bibliography: p. 60 | ||
| 650 | 0 | 0 | |a Differentiable manifolds. |
| 650 | 0 | 0 | |a Immersions (Mathematics) |
| 650 | 0 | 0 | |a Differentiable mappings. |
| 830 | 0 | |a Memoirs of the American Mathematical Society ; |v ; no. 250 | |
| 852 | |a INST |b SAMOS |e 19941103 |h 516.36 HER |p 005300007690 |q 005300007690 |t BK |y 0 | ||
| 909 | |a Σ |b 033790 | ||